| 000 -LEADER |
| fixed length control field |
01455 a2200265 4500 |
| 003 - CONTROL NUMBER IDENTIFIER |
| control field |
Nust |
| 005 - DATE AND TIME OF LATEST TRANSACTION |
| control field |
20230215125346.0 |
| 010 ## - LIBRARY OF CONGRESS CONTROL NUMBER |
| LC control number |
2001287090 |
| 020 ## - INTERNATIONAL STANDARD BOOK NUMBER |
| International Standard Book Number |
0195779835 |
| 035 ## - SYSTEM CONTROL NUMBER |
| System control number |
(DLC) 200128709 |
| 040 ## - CATALOGING SOURCE |
| Transcribing agency |
Nust |
| 082 ## - DEWEY DECIMAL CLASSIFICATION NUMBER |
| Classification number |
954.912,DUR |
| 100 1# - MAIN ENTRY--PERSONAL NAME |
| Personal name |
Durand, Algernon George Arnold, |
| 9 (RLIN) |
49963 |
| 245 14 - TITLE STATEMENT |
| Title |
The making of a frontier : |
| Remainder of title |
Five years' experiences and adventures in Gilgit, Hunza, Nagar Chitral, and the Eastern Hindu Kush / |
| Statement of responsibility, etc. |
Algernon Durand |
| 260 ## - PUBLICATION, DISTRIBUTION, ETC. |
| Place of publication, distribution, etc. |
Karachi : |
| Name of publisher, distributor, etc. |
Oxford University Press, |
| Date of publication, distribution, etc. |
2001. |
| 300 ## - PHYSICAL DESCRIPTION |
| Extent |
vii, 298 p. ; |
| Dimensions |
23 cm. |
| 505 ## - FORMATTED CONTENTS NOTE |
| Formatted contents note |
A Nission of Enquiry (Page-1), First Visit to Chital (Page-44), A Month in Chitral (Page-74), Establishment of the Gilgit Agency (Page-116), Visit to Hunza Nagar (Page-146), Second Visit to Chitral (Page-174), Dardistan (Page-198), Fluke Lore and Sport (Page-209), Administration and War (Page-226), The Hunza Nagar Expedition (Page-254), The Indus Valley Rising (Page-271). |
| 600 10 - SUBJECT ADDED ENTRY--PERSONAL NAME |
| Personal name |
Durand, Henry Mortimer, |
| Dates associated with a name |
1850-1924. |
| 9 (RLIN) |
109089 |
| 651 #0 - SUBJECT ADDED ENTRY--GEOGRAPHIC NAME |
| Geographic name |
Jammu and Kashmir (India) |
| General subdivision |
Historical geography. |
| 9 (RLIN) |
109090 |
| 651 #0 - SUBJECT ADDED ENTRY--GEOGRAPHIC NAME |
| Geographic name |
Jammu and Kashmir (India) |
| General subdivision |
Politics and government |
| Chronological subdivision |
19th century. |
| 9 (RLIN) |
109091 |
| 700 1# - ADDED ENTRY--PERSONAL NAME |
| Personal name |
Forster, Oliver. |
| 9 (RLIN) |
109092 |
| 856 41 - ELECTRONIC LOCATION AND ACCESS |
| Materials specified |
Publisher description |
| Uniform Resource Identifier |
<a href="http://www.loc.gov/catdir/enhancements/fy0611/2001287090-d.html">http://www.loc.gov/catdir/enhancements/fy0611/2001287090-d.html</a> |
| 856 41 - ELECTRONIC LOCATION AND ACCESS |
| Materials specified |
Table of contents only |
| Uniform Resource Identifier |
<a href="http://www.loc.gov/catdir/enhancements/fy0611/2001287090-t.html">http://www.loc.gov/catdir/enhancements/fy0611/2001287090-t.html</a> |
| 942 ## - ADDED ENTRY ELEMENTS (KOHA) |
| Source of classification or shelving scheme |
|
| Koha item type |
Book |
| Call number prefix |
954.912,DUR |